Asian Languages by Script - Statistics

General Stats
  • This quiz has been taken 172 times
  • The average score is 13 of 18
Answer Stats
Hint Answer % Correct
هذه عبارة مثال. Arabic
92%
이는 예시 문구입니다. Korean
90%
これは例文です。 Japanese
89%
זהו ביטוי לדוגמה. Hebrew
87%
这是一个示例短语。 Chinese
86%
Đây là một cụm từ ví dụ. Vietnamese
85%
Bu bir örnek cümledir. Turkish
83%
यह एक उदाहरण वाक्यांश है. Hindi
77%
Ito ay isang halimbawa ng parirala. Filipino
72%
Энэ бол жишээ хэллэг юм. Mongolian
69%
นี่คือตัวอย่างวลี Thai
66%
Այս արտահայտությունը օրինակ է։ Armenian
61%
ეს არის ფრაზის მაგალითი. Georgian
58%
இது ஒரு எடுத்துக்காட்டு சொற்றொடர். Tamil
58%
આ એક ઉદાહરણ વાક્ય છે. Gujarati
57%
འདི་ནི་དཔེ་མཚོན་གྱི་ཚིག་གྲུབ་ཅིག་རེད། Tibetan
56%
នេះគឺជាឃ្លាឧទាហរណ៍។ Khmer
53%
ນີ້ແມ່ນປະໂຫຍກຕົວຢ່າງ. Lao
45%
No matching quizzes found
Score Distribution
Percent of People with Each Score
Percentile by Number Answered
Your Score History
You have not taken this quiz